| 000 | 00646cam a2200193 4500 | ||
|---|---|---|---|
| 082 |
_a940.40943 _bSTE |
||
| 100 | 1 |
_aSternberg, Fritz, _949429 |
|
| 245 | 1 | 0 |
_aGermany and a lightning war, _cby Fritz Sternberg, translated by Edward Fitzgerald. |
| 260 |
_aLondon, _bFaber and Faber, limited _c[1938] |
||
| 300 |
_a2 p. l., 7-345 p. _bdiagrs. _c23 cm. |
||
| 500 | _a"First published in October MCMXXXVIII." | ||
| 526 |
_a0 _b0 _c0 _d940_409430000000000_STE |
||
| 650 | 0 | _aEconomic history | |
| 650 | 0 |
_aMCE _9379 |
|
| 650 | 0 |
_aWar _xEconomic aspects. _948639 |
|
| 650 | 0 | _aWorld politics. | |
| 700 | 1 |
_aFitzGerald, Edward, _949430 |
|
| 942 |
_2ddc _cBK |
||
| 999 |
_c552210 _d552210 |
||